000 00449cam a22001577a 4500
008 180718b2005 xxu||||| |||| 00| 0 eng d
020 _a8175412216
082 _aT39x54 B469
100 _aBhambhri, C.P.
245 _aGlobalization: India nation, state and democracy
_cby C.P. Bhambhri
260 _aDelhi
_bShipra
_c2005
300 _a230p.
650 _aDemocracy - India
650 _aEconomic reforms - India
650 _aGlobalization - India
999 _c403252
_d403252